| 000 | 00791cam a2200241 i 4500 | ||
|---|---|---|---|
| 005 | 20251108174932.0 | ||
| 008 | 250721s2010 sy gr 000 0 ara d | ||
| 020 | _a9789933402389 | ||
| 082 | 1 | 4 |
_a153.753 _bف ت ل |
| 100 | 1 |
_aالفتلاوي، علي شاكر _eمؤلف. |
|
| 245 | 1 | 0 |
_aسيكولوجية الزمن / _cد.علي شاكر الفتلاوي. |
| 264 | 1 |
_aدمشق : _bدارصفحات للدراسات والنشر، _c2010. |
|
| 300 | _a163 صفجة. | ||
| 650 | 1 | 7 | _aالوقت. |
| 650 | 1 | 7 | _aالتحليل النفسي. |
| 650 | 1 | 7 | _aعلم النفس. |
| 650 | 1 | 7 | _aالشخصية. |
| 650 | 1 | 7 | _aحياة المجتمع. |
| 650 | 1 | 7 | _aالعراق. |
| 650 | 1 | 7 | _aدراسة الوقت. |
| 942 |
_2ddc _cBK |
||
| 999 |
_c121923 _d121923 |
||